Ingrid and other studies : [papers /

Bibliographic Details
Corporate Author: National Maritime Museum (Great Britain)
Other Authors: Annis, P. G. W., Allwright, Jan, Waters, David W., 1911-2012
Format: Book
Language:English
Published: London : Trustees of the National Maritime Museum, 1978.
Series:Maritime monographs and reports ; no. 36, 1978.
Subjects:

MARC

Tag First Indicator Second Indicator Subfields
LEADER 00000cam a2200000 a 4500
001 in00000072480
005 20151008053427.0
008 791004s1978 enkabcd b 00000 engm
010 |a  79316824  
015 |a GB79-16539 
020 |a 0905555198 :  |c 3.25 
035 |a (OCoLC)05616879 
035 |9 AAH7395AM 
040 |a DLC  |c DLC  |d m.c.  |d TXA  |d UtOrBLW 
049 |a TXAM  |c [1441522] 
050 0 0 |a VK15  |b .I44 
082 0 |a 387/.09 
245 0 0 |a Ingrid and other studies :  |b [papers /  |c by members of the staff of the National Maritime Museum, Greenwich ; edited by P.G.W. Annis, assisted by Jan Allwright]. 
264 1 |a London :  |b Trustees of the National Maritime Museum,  |c 1978. 
300 |a i, 140 pages :  |b illustrations, charts, maps, portraits ;  |c 30 cm. 
336 |a text  |b txt  |2 rdacontent 
337 |a unmediated  |b n  |2 rdamedia 
338 |a volume  |b nc  |2 rdacarrier 
490 1 |a Maritime monographs and reports,  |x 0307-8590 ;  |v no. 36, 1978 
500 |a "Presented to David W. Waters ... on the occasion of his retirement." 
500 |a "Books and articles published relating to maritime history and the history of science and technology by D.W. Waters": pages 5-8. 
504 |a Bibliography: pages 121-123. 
600 1 0 |a Waters, David W.,  |d 1911-2012. 
650 0 |a Navigation  |x History. 
650 0 |a Ships  |x History. 
700 1 |a Annis, P. G. W. 
700 1 |a Allwright, Jan. 
700 1 |a Waters, David W.,  |d 1911-2012. 
710 2 |a National Maritime Museum (Great Britain) 
830 0 |a Maritime monographs and reports ;  |v no. 36, 1978. 
999 |a MARS 
999 f f |s 89dce46b-fba9-3847-93a4-450b3fdbae6e  |i de2507a0-abe3-34be-89fb-02bd04a7eeba  |t 0 
952 f f |p ric  |a Texas A&M University  |b Rellis Campus  |c Joint Library Facility  |s JLF  |d Remote Storage  |t 0  |e VK15 .I44  |h Library of Congress classification  |i unmediated -- volume  |m A14806261596 
998 f f |a VK15 .I44  |t 0  |l Remote Storage